| 000 | 00370cam a2200145ua 4500 | ||
|---|---|---|---|
| 041 |
_aeng _h |
||
| 082 |
_a335 _bDOB/ON |
||
| 100 | _aDobb, Maccrice . | ||
| 245 |
_aOn ecnomics theory and socialism / _cDobb. _hTextual Documents |
||
| 260 |
_aLondon : _brOUTEDGE &Keyan paul Ltd , _c1965. |
||
| 300 | _a293 ; . | ||
| 504 | _a | ||
| 999 |
_c11275 _d11275 |
||